The first epistle of Paul to the Corinthians: (Record no. 438)

000 -LEADER
fixed length control field 00704nam a2200205 a 4500
001 - CONTROL NUMBER
control field :::00013592$&:&@@
003 - CONTROL NUMBER IDENTIFIER
control field OkBaRHE
005 - DATE AND TIME OF LATEST TRANSACTION
control field 20100324120809.0
008 - FIXED-LENGTH DATA ELEMENTS--GENERAL INFORMATION
fixed length control field s1958 j 000 0 eng u
040 ## - CATALOGING SOURCE
Transcribing agency
100 1# - MAIN ENTRY--PERSONAL NAME
Personal name Morris, Leon, 1914-
245 14 - TITLE STATEMENT
Title The first epistle of Paul to the Corinthians:
Remainder of title an introduction and commentary.
250 ## - EDITION STATEMENT
Edition statement [1st ed.]
260 ## - PUBLICATION, DISTRIBUTION, ETC. (IMPRINT)
Place of publication, distribution, etc Grand Rapids, MI., :
Name of publisher, distributor, etc Eerdmans
Date of publication, distribution, etc 1958
300 ## - PHYSICAL DESCRIPTION
Extent 249 p. ;
Dimensions 21 cm.
490 0# - SERIES STATEMENT
Series statement The Tyndale New Testament commentaries.
650 ## - SUBJECT ADDED ENTRY--TOPICAL TERM
Topical term or geographic name as entry element Bible New Testament 1st Corinthians
General subdivision Commentaries
942 ## - ADDED ENTRY ELEMENTS (KOHA)
Source of classification or shelving scheme
Koha item type Books
Copies
Withdrawn status Shelving location Price effective from Date acquired Lost status Date last seen Full call number Barcode Copy number Collection code Permanent Location Damaged status Not for loan Koha item type Source of classification or shelving scheme
 General Stacks2010-04-142010-04-14 2018-04-03BS 2675.3 .M67135921ReferenceRHEMA Bible Training College  Books